| 000 | 00636nam a22002057a 4500 | ||
|---|---|---|---|
| 005 | 20241104132027.0 | ||
| 008 | 201117s ||||| |||| 00| 0 ger d | ||
| 020 | _a9783192119026 | ||
| 040 | _cDLC | ||
| 080 |
_a811.112.2 _bH-11 |
||
| 100 |
_962 _aHabersack Charlotte |
||
| 245 |
_aMenschen: Deutch als Fremdsprache Kursbuch: Level A2 _c / by Huber Verlag. Authors: Charlotte Habersack, Angela Pude, Franz Specht |
||
| 260 |
_aGermany _bHuber _c2019 |
||
| 300 | _a189 p. | ||
| 650 | _2German Language | ||
| 653 | _aგერმანული ენა | ||
| 700 |
_952 _aPude Angela |
||
| 700 |
_953 _aSpecht Franz |
||
| 942 |
_2udc _cBK |
||
| 999 |
_c265 _d265 |
||